Barbie: girls can do anything / (Record no. 102596)
[ view plain ]
| 000 -LEADER | |
|---|---|
| fixed length control field | 00485nam a2200169 a 4500 |
| 005 - DATE AND TIME OF LATEST TRANSACTION | |
| control field | 20140412111238.0 |
| 008 - FIXED-LENGTH DATA ELEMENTS--GENERAL INFORMATION | |
| fixed length control field | 010531s19uu xx 00 eng d |
| 020 ## - INTERNATIONAL STANDARD BOOK NUMBER | |
| International Standard Book Number | 0-307-10666-7 |
| 050 ## - LIBRARY OF CONGRESS CALL NUMBER | |
| Classification number | ER |
| Item number | Ba23 1999 |
| 100 ## - MAIN ENTRY--PERSONAL NAME | |
| Personal name | Lilly, Melinda |
| 245 ## - TITLE STATEMENT | |
| Title | Barbie: girls can do anything / |
| Statement of responsibility, etc | Melinda Lilly. |
| 260 ## - PUBLICATION, DISTRIBUTION, ETC. (IMPRINT) | |
| Place of publication, distribution, etc | New York : |
| Name of publisher, distributor, etc | A Golden Book, |
| Date of publication, distribution, etc | 1999. |
| 300 ## - PHYSICAL DESCRIPTION | |
| Extent | 1v. (unp.); ill. |
| 440 ## - SERIES STATEMENT/ADDED ENTRY--TITLE | |
| Title | My First Barbie Series, Bk.4 |
| 650 ## - SUBJECT ADDED ENTRY--TOPICAL TERM | |
| Topical term or geographic name as entry element | Community helper-Fiction |
| Withdrawn status | Lost status | Damaged status | Use restrictions | Home library | Current library | Shelving location | Date acquired | Source of acquisition | Total Checkouts | Full call number | Barcode | Date last seen | Price effective from | Koha item type |
|---|---|---|---|---|---|---|---|---|---|---|---|---|---|---|
| Elizalde Library | Elizalde Library | Easy Reading Section | 05/31/2001 | ER Ba23 1999 | E2155 | 04/12/2014 | 04/12/2014 | Books |